Funiculaire aerien Cortina d'Ampezzo, Belvedere
Descripción Física:
23 p. : il., fot. ; 21 x 31 cm
Materias:
Funiculars
MARC
| LEADER | 00000nam a2200000Ia 4500 | ||
|---|---|---|---|
| 001 | 23546 | ||
| 008 | 160829s1926 xx 000 0 cat d | ||
| 080 | |a RF-17-26 | ||
| 245 | |a Funiculaire aerien Cortina d'Ampezzo, Belvedere | ||
| 260 | |a Milan : |b Ceretti & Tanfani SA, |c 1926 | ||
| 300 | |a 23 p. : |b il., fot. ; |c 21 x 31 cm | ||
| 590 | |a Prové de OPP-1714 | ||
| 650 | |a Funiculars |9 47780 | ||
| 856 | 4 | |u https://media.diba.cat/diba/fitxers/arxiu/fulletons/bib_23546_1926_baixa.pdf |y Accés lliure | |
| 856 | 4 | |u https://media.diba.cat/diba/fitxers/arxiu/fulletons/bib_23546_1926_baixa.pdf |y Accés lliure | |
| 901 | |a Arxiu | ||
| 942 | |n 1 |2 udc | ||
| 952 | |0 0 |1 0 |4 0 |6 RF1726 |7 1 |9 54991 |a Arxiu |b Arxiu |d 2012-08-07 |l 0 |o RF-17-26 |p 23546 |r 2016-12-01 00:00:00 |w 2016-12-01 |y ARXIU | ||
| 999 | |c 58861 |d 58861 | ||
| 900 | |a bib_23546_1926_baixa.pdf | ||